Τερματοφύλακας

Αποθηκεύτηκε σε:
Λεπτομέρειες βιβλιογραφικής εγγραφής
Κύριος συγγραφέας: Hargitay, Gyorgy
Άλλοι συγγραφείς: Χατζητάκης, Χρήστος (Επιμελητής έκδοσης)
Μορφή: Βιβλίο
Γλώσσα:Greek
Δημοσίευση: Θεσσαλονίκη : Salto, 1991.
Θέματα:
Ετικέτες: Προσθήκη ετικέτας
Δεν υπάρχουν, Καταχωρήστε ετικέτα πρώτοι!

MARC

LEADER 00000cam a2200000 i 4500
001 1/55564
008 951102s1992####gr | ||| |||| ||gre||
020 |a 9602780193 
035 |1 ΕΛΗ  |a 1995  |b 2510  |c ΚΟΝΙΟΡΔΟΣ  |l 10045320 
040 |a GR-MyUA  |b gre  |e AACR2 
041 1 |a gre 
082 7 |a 796.334  
100 1 |a Hargitay, Gyorgy. 
245 1 0 |a Τερματοφύλακας /   |c Gyorgy Hargitay ; επιμέλεια για την ελληνική εκδοση Χρήστος Χατζητάκης ; μετάφραση Φίλιππας Μαργαρίτης.  
260 |a Θεσσαλονίκη :   |b Salto,   |c 1991.  
300 |a 260 σ. ;   |c 21 εκ.  
500 |a Τίτλος πρωτοτύπου: Korszeru Kapusjatek.  
650 0 0 |a Football players. 
650 0 0 |a Football  |x Training. 
650 0 0 |a Football  |x Coaching. 
700 1 |a Χατζητάκης, Χρήστος,  |e edt 
852 |a INST  |b SAMOS  |e 19951102  |h 796.334 HAR  |p 005300010163  |q 005300010163  |t BK  |y 0 
909 |a Σ  |b 043113